000 00291nam a22001337a 4500
008 181105b xxu||||| |||| 00| 0 eng d
020 _a022402024996
041 _aeng
080 _a910
100 _a42
101 _aGEO
245 _aThe Whole Earth Atlas
_cHaammond
942 _2udc
_cBK
999 _c51804
_d51804